Mathematics, form and function
Αποθηκεύτηκε σε:
| Κύριος συγγραφέας: | |
|---|---|
| Μορφή: | Βιβλίο |
| Γλώσσα: | English |
| Δημοσίευση: |
NewYork :
Springer Verlag,
c1986.
|
| Θέματα: | |
| Ετικέτες: |
Προσθήκη ετικέτας
Δεν υπάρχουν, Καταχωρήστε ετικέτα πρώτοι!
|
MARC
| LEADER | 00000nam a2200000 a 4500 | ||
|---|---|---|---|
| 001 | 1/126190 | ||
| 008 | 230223t1986 nyu| ||| |||| ||eng|| | ||
| 020 | |a 0387962174 | ||
| 040 | |a GR-MyUa |b gre |c GR-MyUa |e AACR2 | ||
| 041 | 0 | |a eng | |
| 082 | 7 | |a 510 |2 (23) | |
| 100 | 1 | |a Mac Lane, Saunders, |d 1909-2005. | |
| 245 | 1 | 0 | |a Mathematics, form and function / |c Saunders Mac Lane. |
| 260 | |a NewYork : |b Springer Verlag, |c c1986. | ||
| 300 | |a xi, 476 σ. : |b εικ. ; |c 24 εκ. | ||
| 504 | |a Περιέχει βιβλιογραφικές αναφορές και ευρετήριο. | ||
| 650 | 0 | |a Mathematics. | |
| 852 | |a INST |b SAMOS |e 20230223 |h 510 MAC |p 005300048131 |q 005300048131 |t BK |y 0 | ||
| 970 | |a Γουβάλα |b Βάσω |z 23-02-2023 | ||